000 01004nam a2200265Ia 4500
003 OSt
005 20220923211359.0
006 a|||||r|||| 00| 0
007 ta
008 220922b |||||||| |||| 00| 0 hin d
020 _a9788188808881 (hbk)
_c595
024 _a264,676
037 _b113, 09/08/2012, Eastern Book Linkers
_cTextual
040 _aARTS
_cARTS
_bhin
041 _2hin
_ahin
082 _aR631x2,1,8, 152Q2
100 _aवेदनिधि
_9156280
245 0 _aयुक्तिदीपिका
_b सांख्यकारिका की एक अद्भुत टीका
246 _aYuktidīpikā: sāankhyakārikā kī ek adbhut ṭīkā
260 _aदिल्ली
_b शिवालिक प्रकाशन
_c2012
300 _a240पृ.
_ccm.
650 _aभारतीय दर्शन
942 _hR631x2,1,8, 152Q2
_cTEXL
_2CC
999 _c298944
_d298944